Normal view
MARC view
- ELMSHAI, AMR S. SARNO DI LUIGI
Entry Personal Name
001 - CONTROL NUMBER
- control field: 85754
003 - CONTROL NUMBER IDENTIFIER
- control field: NUST
005 - DATE AND TIME OF LATEST TRANSACTION
- control field: 20211206150130.0
008 - FIXED-LENGTH DATA ELEMENTS
- fixed length control field: 211206|| aca||aabn | a|a d
040 ## - CATALOGING SOURCE
- Original cataloging agency: NUST
- Transcribing agency: NUST
100 ## - HEADING--PERSONAL NAME
- Personal name: ELMSHAI, AMR S. SARNO DI LUIGI
670 ## - SOURCE DATA FOUND
- Source citation: Work cat.: (NUST): ELMSHAI, AMR S. SARNO DI LUIGI., FUNDAMENTALS OF EARTH QUICKE ENGINEERING /, 2015.
